<?xml version="1.0" encoding="UTF-8"?>
<record
    xmlns:xsi="http://www.w3.org/2001/XMLSchema-instance"
    xsi:schemaLocation="http://www.loc.gov/MARC21/slim http://www.loc.gov/standards/marcxml/schema/MARC21slim.xsd"
    xmlns="http://www.loc.gov/MARC21/slim">

  <leader>01424naa a2200229 i 4500</leader>
  <controlfield tag="001">BPP</controlfield>
  <controlfield tag="003">BPK</controlfield>
  <controlfield tag="005">20180124124121.0</controlfield>
  <controlfield tag="008">140509s2004    pl     f     |100 0 pol</controlfield>
  <datafield tag="040" ind1=" " ind2=" ">
    <subfield code="c">BPK</subfield>
  </datafield>
  <datafield tag="080" ind1=" " ind2=" ">
    <subfield code="a">664.6</subfield>
  </datafield>
  <datafield tag="100" ind1=" " ind2=" ">
    <subfield code="a">RADOMSKI, Grzegorz.</subfield>
    <subfield code="d">1996 - 2006.</subfield>
    <subfield code="b">Politechnika Koszali&#x144;ska - Wydzia&#x142; Mechaniczny,</subfield>
    <subfield code="c">Katedra In&#x17C;ynierii Spo&#x17C;ywczej i Tworzyw Sztucznych</subfield>
  </datafield>
  <datafield tag="245" ind1=" " ind2=" ">
    <subfield code="a">Por&#xF3;wnanie cech jako&#x15B;ciowych wybranych produkt&#xF3;w poddanych obr&#xF3;bce termicznej tradycyjnej i z wykorzystaniem pieca konwekcyjno-parowego /</subfield>
    <subfield code="c">Grzegorz Radomski, Krzysztof Zawisza.</subfield>
  </datafield>
  <datafield tag="260" ind1=" " ind2=" ">
    <subfield code="c">2004.</subfield>
  </datafield>
  <datafield tag="500" ind1=" " ind2=" ">
    <subfield code="a">Dane z autopsji.</subfield>
  </datafield>
  <datafield tag="520" ind1=" " ind2=" ">
    <subfield code="a">Celem pracy jest por&#xF3;wnanie chleba pszennego wypieczonego w piecu komorowym z chlebem pszennym wypieczonym w piecu konwekcyjno-parowym oraz ocena kotlet&#xF3;w z kark&#xF3;wki pieczonych tradycyjn&#x105; metod&#x105; i w piecu konwekcyjno-parowym przy okre&#x15B;lonych parametrach oraz wykazanie, &#x17C;e piec konwekcyjno-parowy jest wszechstronnym urz&#x105;dzeniem maj&#x105;cym wielorakie zastosowanie w gastronomii.</subfield>
  </datafield>
  <datafield tag="650" ind1=" " ind2="0">
    <subfield code="a">Pieczywo pszenne. </subfield>
  </datafield>
  <datafield tag="655" ind1=" " ind2="0">
    <subfield code="a">Materia&#x142;y konferencyjne.</subfield>
  </datafield>
  <datafield tag="773" ind1=" " ind2=" ">
    <subfield code="i">W :</subfield>
    <subfield code="t">Budowa i eksploatacja maszyn przemys&#x142;u spo&#x17C;ywczego BEMS 2004 : XI Konferencja Naukowo-Techniczna. -</subfield>
    <subfield code="d">Koszalin : Wydawnictwo Uczelniane Politechniki Koszali&#xE4;skiej, 2004. -</subfield>
    <subfield code="g">s. 118</subfield>
  </datafield>
  <datafield tag="711" ind1=" " ind2=" ">
    <subfield code="a">BEMS 2004</subfield>
    <subfield code="n">(11 ;</subfield>
    <subfield code="d">2004 ;</subfield>
    <subfield code="c">Koszalin - Dar&#x142;&#xF3;wko, Polska).</subfield>
    <subfield code="p">BEMS 2004</subfield>
  </datafield>
  <datafield tag="942" ind1=" " ind2=" ">
    <subfield code="c">ART</subfield>
    <subfield code="2">UKD</subfield>
  </datafield>
  <datafield tag="999" ind1=" " ind2=" ">
    <subfield code="c">6030</subfield>
    <subfield code="d">6030</subfield>
  </datafield>
  <datafield tag="952" ind1=" " ind2=" ">
    <subfield code="0">0</subfield>
    <subfield code="1">0</subfield>
    <subfield code="4">0</subfield>
    <subfield code="7">0</subfield>
    <subfield code="a">BPK</subfield>
    <subfield code="b">BPK</subfield>
    <subfield code="o">72061</subfield>
    <subfield code="y">ART</subfield>
  </datafield>
</record>
